|
|
|
|
| LEADER |
00715nam a22002172a 4500 |
| 001 |
001429919 |
| 003 |
CZ BrMZK |
| 005 |
20150108112720.0 |
| 007 |
ta |
| 008 |
141020s1928 gw er|||||||||||ger d |
| 040 |
|
|
|a BOA001
|b cze
|
| 100 |
1 |
|
|a Mahn, Kurt
|4 dis
|
| 245 |
1 |
4 |
|a Die Bilanzierungsfähigkeit immaterieller Firmenwerte nach Handels- und Steuerrecht /
|c Kurt Mahn
|
| 260 |
|
|
|a Berlin :
|b K. Mahn,
|c 1928
|
| 300 |
|
|
|a 67 s.
|
| 502 |
|
|
|a Disertace--Humboldt-Universität zu Berlin, 1928
|
| 710 |
2 |
|
|a Humboldt-Universität zu Berlin
|7 kn20010710493
|
| 910 |
|
|
|a BOA001
|b 2-0362.086
|
| 990 |
|
|
|a BK
|
| 991 |
|
|
|b 201410
|
| 996 |
7 |
|
|b 2618930205
|c 2-0362.086
|l MZK
|r Sklad / do 24 hodin
|n 0
|w 001464834
|u 000010
|a 1
|e BOA001
|j MZK50
|s A
|